|
|
|
|
| LEADER |
01329nam a22003017a 4500 |
| 001 |
31277 |
| 003 |
BD-DhAAL |
| 005 |
20171129112303.0 |
| 008 |
171129t2015 bg a|||| |||| 00| 0 eng d |
| 999 |
|
|
|c 38670
|d 38670
|
| 020 |
|
|
|a 9789843395283
|
| 040 |
|
|
|a BD-DhAAL
|
| 082 |
|
|
|2 21
|a 362.1095492
|
| 100 |
|
|
|a Rawal, Lal B
|9 24055
|
| 245 |
|
|
|a The assessment of rural retention policies for human resources for health in Bangladesh /
|c Lal B Rawal, Taufique Joarder, Kawkab Mahmud
|
| 260 |
|
|
|a Dhaka :
|b Centre of Excellence for Universal Health Coverage, icddr,b & James P Grant School of Public Health (JPGSPH), BRAC University,
|c 2015
|
| 300 |
|
|
|a 86 pages :
|b illustrations,
|c 23 cm.
|
| 490 |
|
|
|a Working paper series no. 1
|
| 526 |
|
|
|a AAL
|
| 541 |
|
|
|a Complementary copy from BRAC
|e 31277
|
| 650 |
|
|
|a Public health
|z Bangladesh
|9 24056
|
| 700 |
|
|
|a Joarder, Taufique
|9 24057
|
| 700 |
|
|
|a Mahmud, Kawkab
|9 24073
|
| 710 |
|
|
|a Centre of Excellence for Universal Health Coverage,icddr,b
|9 24058
|
| 710 |
|
|
|a James P Grant School of Public Health (JPGSPH), BRAC University,
|9 24059
|
| 852 |
|
|
|a Ayesha Abed Library
|c General Stacks
|
| 942 |
|
|
|2 ddc
|c BK
|
| 952 |
|
|
|0 0
|1 0
|2 ddc
|4 0
|6 362_109549200000000_RAW
|7 0
|9 62043
|a BRACUL
|b BRACUL
|c GEN
|d 2017-11-29
|e Complementary copy
|l 0
|o 362.1095492 RAW
|p 3010031277
|r 2017-11-29
|t 1
|w 2017-11-29
|y BK
|